Things That Start With 'M' - Statistics

General Stats
  • This quiz has been taken 53 times
    32 since last reset
  • The average score is 15 of 16
Answer Stats
Picture Answer % Correct
Map
100%
Microphone
100%
Monkey
100%
Moose
100%
Mountain
100%
Mouse
100%
Mouse
100%
Milk
97%
Money
94%
Motorcycle
94%
Marbles
91%
Matches
91%
Mexico
88%
Macaroni
84%
Movie
75%
Mallard
69%
No matching quizzes found
Score Distribution
Percent of People with Each Score
Percentile by Number Answered
Your Score History
You have not taken this quiz since the last reset